| 000 | 00975cas a22002295 4500 | ||
|---|---|---|---|
| 001 | vtls003130868 | ||
| 003 | MY-SjTCS | ||
| 005 | 20200207085113.0 | ||
| 006 | m d |||||| | ||
| 007 | cr anunnnuuuaa | ||
| 008 | 031017c 9999xx uu p 0 0eng d | ||
| 022 | 0 | _a0002-9890 | |
| 035 | _a(EbpS)ebs657777 | ||
| 039 | 9 |
_a201211281133 _bizani _y200812260836 _zVLOAD |
|
| 245 | 0 | 0 |
_aAmerican Mathematical Monthly _h[electronic resource]. |
| 260 |
_aWashington : _bMathematical Association of America |
||
| 500 | _aAcademic Journal | ||
| 529 | _aTSLHHL | ||
| 530 | _aIndexing and abstracting for print publication. | ||
| 773 | 0 |
_tAcademic Source Complete _dIpswich, MA : EBSCO Publishing, 1999- |
|
| 856 | 4 | 0 |
_3Abstracts Available: Aug 1993- _zAvailable on EBSCOhost. _uhttps://ezproxy.taylors.edu.my/login?url=https://search.ebscohost.com/direct.asp?db=a9h&jid=AMM |
| 999 | _c112262 | ||